Introduction to accounting / (Record no. 1580)
[ view plain ]
| 000 -LEADER | |
|---|---|
| fixed length control field | 00731nam a22002292 4500 |
| 001 - CONTROL NUMBER | |
| control field | 0000020992 |
| 005 - DATE AND TIME OF LATEST TRANSACTION | |
| control field | 20151021152602.0 |
| 008 - FIXED-LENGTH DATA ELEMENTS--GENERAL INFORMATION | |
| fixed length control field | 120106s xx 000 0 eng d |
| 020 ## - INTERNATIONAL STANDARD BOOK NUMBER | |
| International Standard Book Number | 1853960209 : |
| 040 ## - CATALOGING SOURCE | |
| Original cataloging agency | KABU |
| Transcribing agency | KABU |
| 100 1# - MAIN ENTRY--PERSONAL NAME | |
| Personal name | Edwards, J. R. |
| -- | 0000181656 |
| 245 10 - TITLE STATEMENT | |
| Title | Introduction to accounting / |
| Statement of responsibility, etc. | J. R. Edwards and H. J. Mellett. |
| 250 ## - EDITION STATEMENT | |
| Edition statement | 1st ed. |
| 260 ## - PUBLICATION, DISTRIBUTION, ETC. (IMPRINT) | |
| Place of publication, distribution, etc. | London : |
| Name of publisher, distributor, etc. | Paul Chapman, |
| Date of publication, distribution, etc. | 1989. |
| 300 ## - PHYSICAL DESCRIPTION | |
| Extent | xiv, 488 p. |
| 650 #0 - SUBJECT ADDED ENTRY--TOPICAL TERM | |
| Topical term or geographic name as entry element | Accounting. |
| -- | 0000148321 |
| 700 1# - ADDED ENTRY--PERSONAL NAME | |
| Personal name | Mellett, H. J. |
| -- | 0000181657 |
| 852 1# - LOCATION | |
| -- | p536 KES |
| 852 1# - LOCATION | |
| -- | p536 KES |
| 908 ## - PUT COMMAND PARAMETER (RLIN) | |
| Put command parameter | 120106 |
| 950 ## - LOCAL HOLDINGS (RLIN) | |
| -- | 1 |
| Withdrawn status | Lost status | Source of classification or shelving scheme | Not for loan | Home library | Current library | Date acquired | Total Checkouts | Total Renewals | Full call number | Barcode | Date last seen | Date last checked out | Price effective from | Koha item type | Damaged status |
|---|---|---|---|---|---|---|---|---|---|---|---|---|---|---|---|
| Library of Congress Classification | Kabarak, Main Campus | Kabarak, Main Campus | 21/10/2015 | 13 | 1 | HF5635 .E39 1989 c. 1 | 20223 | 02/08/2024 | 15/04/2021 | 21/10/2015 | General Collection | ||||
| Lost | Library of Congress Classification | Kabarak, Nairobi City Campus | Kabarak, Nairobi City Campus | 21/10/2015 | 1 | HF5635 .E39 1989 c. 2 | 20226 | 25/01/2016 | 25/01/2016 | 21/10/2015 | General Collection |